000 00612nam a22002417a 4500
005 20250820113922.0
008 160127b xxu||||| |||| 00| 0 spa d
020 _a9789968684866
041 _aESP
082 _aCR 861.44 L596c
100 _aLépiz Vega, Jonatan
_92337
245 _aCuando fuimos inocentes
260 _aCosta Rica
260 _bEditorial Costa Rica
260 _c2015
300 _a94 páginas
490 _aTEMÁTICA GENERAL
650 _aTEMÁTICA GENERAL
650 _aPOESÍA COSTARRICENSE
650 _aLITERATURA COSTARRICENSE
650 _aCOSTA RICA
942 _cLIT
_2ddc
999 _c7540
_d7540